[Event "HUN-chT2 Maroczy 0506"]
[Site "Hungary"]
[Date "2005.10.30"]
[Round "2"]
[White "Varga, Csaba"]
[Black "Csolto, Tibor Jr"]
[Result "0-1"]
[WhiteElo "2204"]
[BlackElo "2141"]
[PlyCount "82"]
[EventDate "2005.10.16"]
[EventType "team"]
[EventRounds "11"]
[EventCountry "HUN"]
[SourceTitle "EXT 2009"]
[Source "ChessBase"]
[SourceDate "2008.11.26"]
[SourceVersion "1"]
[SourceVersionDate "2008.11.26"]
[SourceQuality "1"]
[WhiteTeam "Dunaharaszti"]
[BlackTeam "Kazincbarcika"]
[WhiteTeamCountry "HUN"]
[BlackTeamCountry "HUN"]

1. e4 c5 2. Nf3 d6 3. d4 cxd4 4. Nxd4 Nf6 5. Nc3 a6 6. Be3 e6 7. f3 Nc6 8. Qd2 Be7 9. g4 0-0 10. 0-0-0 Nxd4 11. Bxd4 Nd7 12. Be3 b5 13. h4 Ne5 14. Qf2 Rb8 15. Ba7 Rb7 16. Bd4 Nc6 17. f4 Qa5 18. Kb1 Nxd4 19. Qxd4 b4 20. Ne2 e5 21. fxe5 Be6 22. Nc1 dxe5 23. Qg1 Qc7 24. g5 Rc8 25. Qf2 Bc5 26. Qd2 Be3 27. Qd3 Bxc1 28. Rxc1 b3 29. c3 bxa2+ 30. Ka1 Qb6 31. Rh2 Rcb8 32. Qxa6 Qe3 33. Rd1 Rd7 34. Qe2 Bc4 35. Qe1 Rxd1+ 36. Qxd1 Qg1 37. Re2 Bxe2 38. Qxe2 Qg3 39. Kxa2 Qxh4 40. Qe3 Qg4 41. b4 Qd1 0-1

[Event "Eger Agria op"]
[Site "Eger"]
[Date "2005.08.01"]
[Round "9"]
[White "Krivolapov, Konstantin"]
[Black "Varga, Csaba"]
[Result "1-0"]
[WhiteElo "2352"]
[BlackElo "2254"]
[PlyCount "61"]
[EventDate "2005.07.18"]
[EventType "swiss"]
[EventRounds "9"]
[EventCountry "HUN"]
[SourceTitle "EXT 2008"]
[Source "ChessBase"]
[SourceDate "2007.11.25"]
[SourceVersion "1"]
[SourceVersionDate "2007.11.25"]
[SourceQuality "1"]

1. e4 c5 2. c3 d5 3. exd5 Qxd5 4. d4 Nf6 5. Nf3 e6 6. a3 Nc6 7. Be3 Ng4 8. Bd3 Be7 9. 0-0 0-0 10. Nbd2 cxd4 11. cxd4 f5 12. h3 Nf6 13. Bc4 Qd6 14. Ba2 Nd5 15. Nc4 Qd8 16. Bc1 Bf6 17. Ne3 Nce7 18. Nc4 b5 19. Nce5 Qd6 20. Bg5 Bb7 21. Re1 Bxg5 22. Nxg5 h6 23. Ngf3 Nf4 24. Qd2 g5 25. h4 Rf6 26. hxg5 hxg5 27. Nxg5 Nxg2 28. Ne4 Bxe4 29. Qg5+ Kh7 30. Rxe4 Raf8 31. Kxg2 1-0

[Event "Zalakaros op 24th"]
[Site "Zalakaros"]
[Date "2005.05.27"]
[Round "8"]
[White "Varga, Csaba"]
[Black "Pap, Gyula"]
[Result "0-1"]
[WhiteElo "2251"]
[BlackElo "2378"]
[PlyCount "140"]
[EventDate "2005.05.20"]
[EventType "swiss"]
[EventRounds "9"]
[EventCountry "HUN"]
[SourceTitle "EXT 2007"]
[Source "ChessBase"]
[SourceDate "2006.11.23"]
[SourceVersion "1"]
[SourceVersionDate "2006.11.23"]
[SourceQuality "1"]

1. d4 e6 2. c4 Nf6 3. Nc3 d5 4. cxd5 exd5 5. Bg5 c6 6. e3 Nbd7 7. Bd3 Be7 8. Nf3 0-0 9. Qc2 Re8 10. 0-0 Nf8 11. h3 Be6 12. Ne5 N6d7 13. Bxe7 Rxe7 14. f4 f6 15. Nf3 Bf7 16. Rae1 Nb6 17. f5 Qd6 18. Qf2 Rae8 19. Re2 a6 20. Rfe1 c5 21. Bb1 cxd4 22. exd4 Rxe2 23. Rxe2 Rxe2 24. Nxe2 Be8 25. Bd3 Na4 26. b3 Nb6 27. Qe1 Qa3 28. Nc3 Bc6 29. Nb1 Qxa2 30. Qb4 Bb5 31. Bxb5 Qxb1+ 32. Bf1 Nfd7 33. Qc3 Qxf5 34. Qc7 Qb1 35. Qxb7 a5 36. Qa6 Qxb3 37. Qxa5 Qe3+ 38. Kh2 Qf4+ 39. Kg1 Qe3+ 40. Kh2 Qe6 41. Bb5 Nf8 42. Kh1 Nc8 43. Qd8 Ne7 44. Bd3 Kf7 45. Qc7 Qe3 46. Qc3 Qf2 47. Qc7 Ne6 48. Qb8 g5 49. Bb5 Ng7 50. Qd8 h5 51. Bd7 Qe3 52. Qc7 Qe4 53. Qg3 Ng6 54. Qc7 Ne7 55. Qb8 g4 56. Ng1 Qxd4 57. hxg4 hxg4 58. Qg3 Nef5 59. Qc7 Kg6 60. Bc6 Qe3 61. Bxd5 Qh6+ 62. Nh3 gxh3 63. Qf7+ Kg5 64. g4 Kxg4 65. Bf3+ Kxf3 66. Qd5+ Kg3 67. Qd3+ Qe3 68. Qd6+ Qf4 69. Qd3+ Qf3+ 70. Qxf3+ Kxf3 0-1